000 00381nam a2200169Ia 4500
008 230605s9999 xx 000 0 und d
041 _aeng
100 _aKotlar
245 _aMarketing for hospitality and tourism (1)
250 _a5th
260 _bPearson Education Pub.
300 _a683
365 _b559
_h20
500 _a1995
520 _aGeneral
650 _aM.M.
999 _c418990
_d418990